000 00508nam a22001697a 4500
003 OSt
005 20240705114405.0
007 116 pages
008 240705b |||||||| |||| 00| 0 eng d
015 _2AO enterprises
_a223 dt 3.7.2024
020 _a9788183225434
040 _aAO enterprises
_bEnglish
_c
082 _a808.83
_bEPI
245 _aArt of living: Classical manual on virtue, Happiness and effectiveness
_cEpictetus
_hEnglish
260 _bHarper Collins
_c2014
942 _2ddc
_cBK
_k808.83
_mEPI
_n0
999 _c36055
_d36055